00450nam a22001692 4500001001100000005001700011008004100028020001700069040001500086100003400101245003700135250001300172260004300185300001200228650003700240852000300277000001202220151217155219.0090126s xx 000 0 eng d a0310247494 : aKABUcKABU1 aKingsbury, Karen.@000016819310aOceans apart /cKaren Kingsbury. a1st ed. aGrand Rapids, MI. :bZondervan,c2004. a350 p. 0aAir pilotsxFiction.@00001681941